| 000 | 00906nam a2200241 a 4500 | ||
|---|---|---|---|
| 001 | 000011861 | ||
| 005 | 20200929162608.0 | ||
| 008 | 091028s2000 sp a 001 0aspa d | ||
| 020 | _a8423938549 | ||
| 040 |
_aDO-SdBNP _bspa _cBNPHU |
||
| 041 | 1 | 7 |
_aspa _hko _2Código de idioma MARC |
| 082 |
_a923.15195 _bK49m |
||
| 100 | 1 |
_aKim, Dae-Jung, _d1924-2009 _928029 |
|
| 245 | 1 | 0 |
_aMi vida, mi camino : _bautobiografía del presidente de la República de Corea / _cKim Dae-Jung ; traducción del coreano de Kim Sue-Hee ; prólogo de Felipe González Márquez. |
| 260 |
_aMadrid : _bEspasa Calpe, _c2000. |
||
| 300 |
_a352 p. : _bil. ; _c22 cm. |
||
| 650 | 4 |
_aCorrea del sur _xPresidente (1998-2003 : dae-jung) _928030 |
|
| 600 | 1 | 4 |
_aKIM, DAE-JUNG, _d1924-2009 _xBIOGRAFÍA _928031 |
| 700 | 1 |
_aKim, Sue Hee, _etr. _928032 |
|
| 700 | 1 |
_aGonzález Márquez, Felipe, _epról. _928033 |
|
| 910 | _aWM | ||
| 049 | _aBNGR | ||
| 999 |
_c11535 _d11535 |
||